Personnalités de A à Z (9) - Statistiques

Statistiques générales
  • Ce quiz a été pris 64 fois
  • Le résultat moyen est 10 sur 22
Statistiques - réponses
Par images Réponse % Correct
Louis {de Funès}
96%
Kendji {Girac}
95%
Laurent {Ruquier}
86%
Louis {Pasteur}
81%
Kendrick {Lamar}
74%
Kevin {Costner}
70%
Kevin {Mayer}
63%
Louis {Aragon}
61%
Laura {Smet}
58%
Laurent {Ournac}
51%
Laurent {Wauquiez}
47%
Léon {Zitrone}
47%
Louis {Jouvet}
32%
Kenneth {Branagh}
25%
Laura {Ingalls}
23%
Louis {Velle}
18%
Kevin {Kline}
14%
Ken {Follett}
12%
Kenzo {Takada}
4%
Kim {Nowak}
4%
Kim {Yoon-jin}
2%
Kevin {Hagen}
0%
Aucun quiz correspondant
Distribution des résultats
% des personnes avec chaque résultat
Percentile par nombre de réponses
Votre historique - résultats
Vous n’avez pas pris ce quiz